000 00756nam a2200289Ia 4500
005 20260324113958.0
008 008 260324s9999 xx 000 0 eng d
020 _a9781003226222
037 _aEBOOK
040 _aCRL
040 _beng
040 _cCRL
041 _2eng
041 _aeng
084 _qCRL
100 _aCaroline Moraes; Morven G. McEachern; Deirdre O'Loughlin
_91148937
245 0 _aResearching Poverty and Austerity
245 0 _bTheoretical Approaches, Methodologies and Policy Applications
260 _bTaylor and Francis
260 _c2023
365 _a
365 _b230
856 _uhttp://www.taylorfrancis.com/books/9781003226222
942 _cEBOOK
999 _c1738877
_d1738877